| 000 | 00563nam a2200169Ia 4500 | ||
|---|---|---|---|
| 999 |
_c15336 _d15336 |
||
| 082 | _a301.29540439 BET-; | ||
| 100 | _aBethlenfalvy, Geza | ||
| 245 | 0 | _aIndia in Hungarian learning and literature | |
| 260 |
_aNew Delhi _bMunshiram Manoharlal Publishers _c1980 |
||
| 300 | _a88 p.l | ||
| 650 | _aHungary - Intellectual life | ||
| 650 | _aHungarian literature - Foreign countries | ||
| 650 | _aHungary - Civilization | ||
| 650 | _aHungary - Study and teaching; Indo-Mungarian - History; Hungary - Intellectual life | ||
| 700 | _aWojtilla, Gyula | ||
| 942 | _cBK | ||